000 00379nam a22001577a 4500
005 20200528113036.0
008 200528b xxu||||| |||| 00| 0 eng d
041 _aeng
082 _a340
100 _aBARE ACT
_95744
245 _aTHE PUBLIC RECORDS ACT, 1993 (69-1993)
260 _aDELHI
_bPROFESSIONAL BOOK PUBLISHERS
300 _a16;p
650 _aLAW
_95701
942 _cBK
999 _c6576
_d6574